Obesity causes, cure and prevention / (Record no. 2520)

000 -LEADER
fixed length control field nam a22 a 4500
003 - CONTROL NUMBER IDENTIFIER
control field AKMAL
005 - DATE AND TIME OF LATEST TRANSACTION
control field 20170517103408.0
008 - FIXED-LENGTH DATA ELEMENTS--GENERAL INFORMATION
fixed length control field 170517t1998 my 00 eng d
020 ## - INTERNATIONAL STANDARD BOOK NUMBER
International Standard Book Number 9679988058:
Terms of availability RM 120.00
040 ## - CATALOGING SOURCE
Original cataloging agency AKMAL
Transcribing agency AKMAL
049 00 - LOCAL HOLDINGS (OCLC)
Holding library mal
082 04 - DEWEY DECIMAL CLASSIFICATION NUMBER
Classification number 616.398 PAL
090 00 - LOCALLY ASSIGNED LC-TYPE CALL NUMBER (OCLC); LOCAL CALL NUMBER (RLIN)
Classification number (OCLC) (R) ; Classification number, CALL (RLIN) (NR) 616.398
Local cutter number (OCLC) ; Book number/undivided call number, CALL (RLIN) PAL
100 1# - MAIN ENTRY--PERSONAL NAME
Personal name Palaniappan, V. M.,
Dates associated with a name 1938-
9 (RLIN) 2973
245 10 - TITLE STATEMENT
Title Obesity causes, cure and prevention /
Statement of responsibility, etc. V. M. Palaniappan
260 ## - PUBLICATION, DISTRIBUTION, ETC.
Place of publication, distribution, etc. Petaling Jaya :
Name of publisher, distributor, etc. Ecohealth,
Date of publication, distribution, etc. 1998
300 00 - PHYSICAL DESCRIPTION
Extent 466p. :
Other physical details col. ill. ;
Dimensions 24cm
440 #0 - SERIES STATEMENT/ADDED ENTRY--TITLE
Title Ecological healing system.
Name of part/section of a work thesis and hypothesis ;
Volume/sequential designation no. 1
9 (RLIN) 5237
504 ## - BIBLIOGRAPHY, ETC. NOTE
Bibliography, etc. note Includes bibliographical references and index
521 ## - TARGET AUDIENCE NOTE
Target audience note Intended Audience: Adult
650 #0 - SUBJECT ADDED ENTRY--TOPICAL TERM
Topical term or geographic name entry element Alternative medicine
9 (RLIN) 2974
650 #0 - SUBJECT ADDED ENTRY--TOPICAL TERM
Topical term or geographic name entry element Health
9 (RLIN) 2975
650 #0 - SUBJECT ADDED ENTRY--TOPICAL TERM
Topical term or geographic name entry element Obesity
9 (RLIN) 5238
942 ## - ADDED ENTRY ELEMENTS (KOHA)
Source of classification or shelving scheme
Koha item type Book
Holdings
Withdrawn status Lost status Source of classification or shelving scheme Damaged status Not for loan Collection code Home library Current library Shelving location Date acquired Inventory number Total Checkouts Full call number Barcode Date last seen Price effective from Koha item type
          NON-FICTION AKMAL Melaka AKMAL Melaka PINJAMAN 17.05.2017 601924   616.398 PAL 201703447 17.05.2017 17.05.2017 Book
Pusat Sumber Maklumat Dato' Haji Sarmin Md Hussin, Akademi Kastam Diraja Malaysia, Melaka
Tel: 06-2331106 | Faks: 06-2313787